Tarot : velká arkána : význam symbolů : základní způsoby vykládání /

Main Author: Vurm, Bohumil, 1952-
Language: Czech
Published: Praha : R.B. Vurm :Zuzana Foffová, 2001
Physical Description: 87 s. : il. ; 15 cm
Book
Saved in:
LEADER 00937nam a2200277 a 4500
001 000667605
003 CZ BrMZK
005 20080407135535.0
007 ta
008 030425s2001 xr a f f 000 0 cze d
015 |a cnb001007058 
020 |a 80-902363-6-7  |q (brož.) 
035 |a (OCoLC)50346706 
040 |a BOA001  |b cze 
072 7 |a 133  |x Ezoterismus. Okultismus  |2 Konspekt  |9 17 
080 |a 133.3:794.43  |2 MRF 
080 |a (035)  |2 MRF 
100 1 |a Vurm, Bohumil,  |d 1952-  |7 jn99240001391  |4 aut 
245 1 0 |a Tarot :  |b velká arkána : význam symbolů : základní způsoby vykládání /  |c Bohumil Vurm 
260 |a Praha :  |b R.B. Vurm :  |b Zuzana Foffová,  |c 2001 
300 |a 87 s. :  |b il. ;  |c 15 cm 
650 0 7 |a tarot  |7 ph116402  |2 czenas 
655 7 |a příručky  |7 fd133209  |2 czenas 
910 |a BOA001  |b Z-1118.008 
990 |a BK 
996 6 |b 2610187923  |c Z-1118.008  |l MZK  |r Sklad / do 24 hodin  |n 14  |p p.v.  |w 000667605  |u 000010  |a 1  |e BOA001  |j MZK50  |s P